Linhas de ônibus de Curitiba - Statistics

Estatísticas Gerais
  • Esse quiz foi jogado 50 vezes
  • A pontuação média é 62 de 281
Estatísticas das Respostas
Ônibus Alimentadores % Correto
Hauer / Boqueirão
100%
Boqueirão / Pinheirinho
95%
Centenário / Hauer
95%
Hauer / Capão Raso
95%
Osternack / Boqueirão
95%
Boqueirão
90%
Boqueirão / Centro Cívico
90%
Centenário / Boqueirão
90%
Pinheirinho / Cabral
85%
Pinheirinho / CIC
85%
Santa Cândida / Capão Raso
85%
Santa Felicidade / Santa Cândida
85%
Atuba / Pinheirinho
80%
Cabral / Portão
80%
CIC / Cabral
80%
Fazendinha / Capão Raso
80%
Pinheirinho
80%
Pinheirinho / Rui Barbosa
80%
Santa Rita / Pinheirinho
80%
Sítio Cercado / Capão Raso
80%
Atuba / Santa Cândida
75%
Campo Comprido / Capão Raso
75%
Capão Raso / Caiuá
75%
Capão Raso / Campina do Siqueira
75%
Portão / CIC
75%
Cabral / Parque Tanguá
70%
Campina do Siqueira / Santa Felicidade
70%
Campo Comprido / CIC
70%
Centenário / Rui Barbosa
70%
Fazendinha / Campo Comprido
70%
Portão / Sítio Cercado
70%
Bairro Alto / Santa Felicidade
65%
Cabral / Osório
65%
Fazendinha
65%
Fazendinha / Caiuá / Bela Vista
65%
Fazendinha / PUC
65%
Guadalupe / Fazendinha
65%
Santa Rita / CIC
65%
Centenário / Campo Comprido
60%
CIC
60%
Jardim Independência / CIC
60%
Osternack / Sítio Cercado
60%
Rio Bonito / CIC
60%
Tatuquara / Centro
60%
Bairro Alto / Atuba
55%
Campina do Siqueira / Batel
55%
Centenário
55%
Centro / Politécnico
55%
Portão
55%
Portão / Santa Bernadethe
55%
Bairro Alto / Boa Vista
50%
Bairro Alto / Capão da Imbuia
50%
Caiuá
50%
Caiuá / Cachoeira
50%
Futuruma / Sítio Cercado
50%
Santa Felicidade
50%
Sítio Cercado
50%
Barreirinha / São José
45%
Boa Vista / Barreirinha
45%
Pinhais / Campo Comprido
45%
Ahú / Los Angeles
40%
Barreirinha
40%
Bom Retiro / PUC
40%
Estribo / Ahú
40%
Campo Comprido
35%
Água Verde
30%
Circular Sul
30%
Fanny
30%
Inter 2
30%
Jardim Social / Batel
30%
PUC / Rodoferroviária
30%
Abranches
25%
Ligeirão Pinheirinho / Carlos Gomes
25%
Raquel Prado / Carlos Gomes
25%
Tatuquara
25%
Alcides Munhoz / Jardim Botânico
20%
Caximba / Olaria
20%
Interbairros II
20%
Interbairros III
20%
Interbairros V
20%
Ligeirão Norte / Sul
20%
Lindóia
20%
Novo Mundo
20%
Santa Quitéria
20%
São João
20%
Acrópole
15%
Alferes Poli
15%
Alto Boqueirão
15%
Cajuru
15%
Canal da Música / Vista Alegre
15%
Colina Verde
15%
Cotolengo
15%
Interbairros IV
15%
Interbairros VI
15%
Olaria
15%
Pilarzinho / Uberaba
15%
Solar
15%
Tarumã / Augusta
15%
Tingui
15%
Umbará
15%
Vila Rex
15%
Vizinhança / Santa Rita
15%
Agrícola
10%
Barigui
10%
Cassiopéia
10%
Gramados
10%
Itamarati
10%
Mateus Leme
10%
Mossunguê
10%
Parque Industrial
10%
Rio Bonito
10%
São Francisco / Iguape
10%
São Pedro / Rio Negro
10%
Tarumã
10%
Trabalhador
10%
Uberaba
10%
Vila Esperança
10%
Vila Izabel
10%
Vila Reno
10%
Vila São Pedro
10%
Abaeté
5%
Aliança
5%
Alto Tarumã
5%
Araguaia
5%
Augusta
5%
Augusta / Vila Marqueto
5%
Augusto Stresser
5%
Bairro Novo
5%
Banestado / Califórnia
5%
Bigorrilho
5%
Bosch
5%
Butiatuvinha / Ouro Verde
5%
Camargo
5%
Canal Belém
5%
Canal Belém / Salgado Filho
5%
Carbomafra
5%
Cristo Rei
5%
Dentran / Vicente Machado
5%
Dom Ático
5%
Futurama
5%
Ganchinho
5%
Guilhermina
5%
Itupava / Hospital Militar
5%
Jardim Chaparral
5%
Jardim Mercês / Guanabara
5%
Ligeirão Boqueirão
5%
Mercúrio
5%
Nossa Senhora da Luz
5%
Ouro Verde
5%
Palotinos
5%
Parque Atuba
5%
Parque Tanguá
5%
Petrópolis
5%
Petropólis / Solitude
5%
Piratini / BR476
5%
Pompéia / Janaína
5%
Santa Bárbara
5%
São Braz
5%
São Jorge
5%
Saturno / Veneza
5%
Solitude / Planta Evaristo
5%
Trindade
5%
Vila Cubas
5%
Vila Nori
5%
Vila Rosinha
5%
Vila Suíça
5%
Vila Velha
5%
Vila Velha / Buriti
5%
Vila Verde
5%
Anita Garibaldi
0%
Bairro Novo A
0%
Bairro Novo B
0%
Bairro Novo C
0%
Bracatinga
0%
BRF / Copel
0%
Butiatuvinha
0%
Campo Alegre
0%
Casa de Custódia
0%
Complexo Industrial
0%
Dalagassa
0%
Emílio Romani
0%
Erasto Gaertner
0%
Erico Verissimo / Pantanal
0%
Especial Boqueirão
0%
Estudantes
0%
Fazendinha Portão
0%
Fernando de Noronha / Laranjeiras
0%
Fernão Dias
0%
Formosa
0%
Gabineto
0%
Higienópolis
0%
Hugo Lange
0%
Iguape I
0%
Iguape II
0%
Interbarros I
0%
Itatiaia
0%
Jardim Centauro
0%
Jardim da Ordem
0%
Jardim do Arroio
0%
Jardim Esplanada
0%
Jardim Ipê
0%
Jardim Itália
0%
Jardim Itiberê
0%
Jardim Kosmos
0%
Jardim Ludovica
0%
Jardim Paranaense
0%
José Culpi
0%
Júlio Graff
0%
Londrina
0%
Luiz Nichele
0%
Marechal Hermes / Santa Efigênia
0%
Maria Angélica
0%
Maringá
0%
Mario Jorge
0%
Montana
0%
Moradias Iguaçu
0%
Nivaldo Braga
0%
Nossa Senhora de Nazaré
0%
Novena
0%
Paineiras
0%
Palmeira
0%
Paraíso
0%
Parigot de Souza
0%
Parque Lago Azul
0%
Parque Náutico
0%
Penha / Fernando de Noronha
0%
Pinheiros
0%
Pinheiros / José Culpi
0%
Pirineus
0%
Porto Belo
0%
Posiville / INC
0%
Primavera
0%
Quartel General
0%
Raposo Tavares
0%
Rio Negro
0%
Riviera
0%
Rondon
0%
Rurbana
0%
Sabará
0%
Sagrado Coração
0%
Sambaqui
0%
Santa Ámelia
0%
Santa Ámelia / Porto Belo
0%
Santa Cruz
0%
Santa Gema
0%
Santa Inês
0%
Santa Joana
0%
Santa Terezinha
0%
São Benedito
0%
São Bernardo
0%
Savóia
0%
Tequaly
0%
Tequaly / Quartel Militar
0%
Tramontina
0%
Tubo Barigui
0%
Uberlândia
0%
Universidade Positivo
0%
Vila Autódromo
0%
Vila Juliana
0%
Vila Leonice
0%
Vila Macedo
0%
Vila Marqueto
0%
Vila Sandra
0%
Vila São Paulo
0%
Vitória Régia
0%
Zoológico
0%
Nenhum quiz correspondente encontrado
Distribuição das Pontuações
Porcentagem de Pessoas com Cada Pontuação
Percentil de Números Respondidos
Sua Pontuação Histórica
Você não jogou esse quiz